000 00582nam a2200229Ia 4500
003 OSt
005 20221005123404.0
006 a|||||r|||| 00| 0
007 ta
008 221004b |||||||| |||| 00| 0 eng d
024 _a57077
037 _cTextual
040 _aCRL
_cCRL
_beng
041 _2eng
_aeng
082 _aV2:1:N1, F2
100 _aMeyer William
_9633621
245 0 _aLecture on the position of India in the Empire, etc.
260 _c1922
650 _aHISTORY
942 _hV2:1:N1, F2
_cTEXL
_2cc
999 _c1047280
_d1047280